Investigating the effect of Total Quality Management implementation on Organisational Productivity at Indeni Petroleum Refinery Limited (Record no. 48173)

MARC details
000 -LEADER
fixed length control field 00773nam a2200157 a 4500
008 - FIXED-LENGTH DATA ELEMENTS--GENERAL INFORMATION
fixed length control field 220301s2019 ||||||||||||||||| || u
050 ## - LIBRARY OF CONGRESS CALL NUMBER
Classification number CBU-PG THESIS/MWA
100 ## - MAIN ENTRY--PERSONAL NAME
Personal name Mwamba, Bertha
245 10 - TITLE STATEMENT
Title Investigating the effect of Total Quality Management implementation on Organisational Productivity at Indeni Petroleum Refinery Limited
Statement of responsibility, etc. By Bertha Mwamba
260 ## - PUBLICATION, DISTRIBUTION, ETC.
Place of publication, distribution, etc. Kitwe
Name of publisher, distributor, etc. Copperbelt University
Date of publication, distribution, etc. 2019
300 ## - PHYSICAL DESCRIPTION
Extent xii, 89 Pages : illustrations
650 ## - SUBJECT ADDED ENTRY--TOPICAL TERM
Topical term or geographic name entry element INDENI PETROLEUM REFINERY LIMITED
650 ## - SUBJECT ADDED ENTRY--TOPICAL TERM
Topical term or geographic name entry element ORGANISATION PRODUCTIVITY - INDENI PETROLEUM REFINERY LIMITED
650 ## - SUBJECT ADDED ENTRY--TOPICAL TERM
Topical term or geographic name entry element TOTAL QUALITY MANAGEMENT AT INDENI ZAMBIA
995 ## - RECOMMENDATION 995 [LOCAL, UNIMARC FRANCE]
-- CBU-MAIN LIBRARY (Kitwe)
-- 1
-- AVAILABLE
-- Jun 28, 2022
-- University Collection
Holdings
Withdrawn status Lost status Source of classification or shelving scheme Damaged status Not for loan Home library Current library Shelving location Date acquired Total Checkouts Full call number Barcode Date last seen Price effective from Koha item type
          CBU-MAIN LIBRARY, KITWE. CBU-MAIN LIBRARY, KITWE.   11/30/2022   CBU-PG THESIS/MWA B4867 11/30/2022 11/30/2022 MONOGRAPH